ბათუმის შოთა რუსთაველის სახელმწიფო უნივერსიტეტის ბიბლიოთეკა

იოსებ ლაღიაშვილი (ბიბ.ჩანაწერი № 49134)

000 -LEADER
fixed length control field 00638nam a2200217Ia 4500
001 - CONTROL NUMBER
control field 16044
003 - CONTROL NUMBER IDENTIFIER
control field GE_BSU
008 - FIXED-LENGTH DATA ELEMENTS--GENERAL INFORMATION
fixed length control field 181216s||||||||xx |||||||||||||| ||und||
040 ## - CATALOGING SOURCE
Transcribing agency GE_BSU
080 ## - UNIVERSAL DECIMAL CLASSIFICATION NUMBER
Universal Decimal Classification number 821.353.1-31
100 ## - MAIN ENTRY--PERSONAL NAME
Personal name ხახუტაშვილი, ანა
245 ## - TITLE STATEMENT
Title იოსებ ლაღიაშვილი
245 ## - TITLE STATEMENT
Remainder of title რომანი
245 ## - TITLE STATEMENT
Statement of responsibility, etc. რედ. თ.შავიშვილი
260 ## - PUBLICATION, DISTRIBUTION, ETC.
Place of publication, distribution, etc. თბილისი
260 ## - PUBLICATION, DISTRIBUTION, ETC.
Name of publisher, distributor, etc. ფედერაცია
260 ## - PUBLICATION, DISTRIBUTION, ETC.
Date of publication, distribution, etc. 1941
300 ## - PHYSICAL DESCRIPTION
Extent 189გვ. ; 22სმ
653 ## - INDEX TERM--UNCONTROLLED
Uncontrolled term იოსებ ლაღიაშვილი
942 ## - ADDED ENTRY ELEMENTS (KOHA)
Koha item type წიგნი
ეგზემპლარები
Withdrawn status Lost status Damaged status Not for loan Date acquired Barcode Date last seen Price effective from Koha item type
        2018-12-17 39500 2018-12-17 2018-12-17 წიგნი
        2018-12-17 39502 2018-12-17 2018-12-17 წიგნი
        2018-12-17 39503 2018-12-17 2018-12-17 წიგნი
        2018-12-17 39504 2018-12-17 2018-12-17 წიგნი
        2018-12-17 39501 2018-12-17 2018-12-17 წიგნი